Quizzes
Events
Quiz Creation
Community
Videos
Private Events
Remove Ads
Sign In
Join for FREE
Feedback
Dark Mode
Quiz Categories
Sports
Geography
Music
Movies
Television
Just For Fun
Miscellaneous
History
Literature
Language
Science
Gaming
Entertainment
Religion
Holiday
For Kids
Quiz Lab
Recent
Popular Today
Quiz Kudos Today
Editor Picks
Curator Picks
Quizzes by...
Day
Popularity
Type
Ratings
Length
Year
Community
Subscriptions
Recent Discussions
Orange Saloon
Badges
Playlists
Quests
Create
Leaderboards
Showdown
Live 5
Trivia Bingo
Activity
Puzzle Library
Sporcle Events
Private Events
Virtual Trivia
Globe League
Become a Host
Pub Owners
SporcleCon
Opinionation
Our Games
Videos
Blog
Mobile Apps
Partnerships
Remove Ads and Go Orange
Feedback
Literature
Harry Potter
A Song of Ice and Fire
The Hunger Games
Literary Character
Shakespeare
Book
Author
Novel
Poem
Young Adult
Children's Books
Play
Lord of the Rings
Literature
Harry Potter
A Song of Ice and Fire
The Hunger Games
Literary Character
Shakespeare
Book
Author
Novel
Poem
Young Adult
Children's Books
Play
Lord of the Rings
Random Quiz
Search Sporcle
×
Editor Pick
Editor Pick
Literature
Character
Type in answers that appear in a list
Type in answers that appear in a list
Classic
Best Score? Go Orange.
Moby Dick Characters Stats
Can you name the character of Moby Dick from the description?
By
enough
5m
20 Questions
965 Plays
965 Plays
965 Plays
Comments
Comments
Give Quiz Kudos
Give Quiz Kudos
-
- Ratings
hide this ad
Replay
Link that replays current quiz
Next Quiz
Link to next quiz in quiz playlist
You Got
0%
They Got
Avg Score
52%
Avg Friend Score
Upgrade to see
Score Distribution
Jump to the score distribution portion of the page
Score
0/20
Timer
05:00
0
Plays Today
Description
Character
% Correct
Captain of the Pequod; has a peg leg
Captain Ahab
98.4%
Narrator of the novel; you know what to call him
Ishmael
88%
First mate of the Pequod; Quaker from Nantucket
Starbuck
83%
Cannibal harpooner from Kokovoko; narrator's friend
Queequeg
81.3%
Second mate of the Pequod; from Cape Cod
Stubb
77.3%
The great white sperm whale; the White Whale
Moby Dick
71.6%
Third mate of the Pequod; from Martha's Vineyard
Flask
62.6%
Stubb's harpooner; craves rum
Tashtego
60.5%
Third harpooner on the Pequod; described as 'a gigantic, coal-
black negro-
savage'
Daggoo
52.3%
Goes insane; half idiot-
half prophet
Pip
50.3%
Description
Character
% Correct
Strange, “oriental” old Parsee; prophet to Ahab
Fedallah
46.7%
Retired whaleman of Nantucket; takes care of hiring the crew (generous one)
Peleg
46.3%
Retired whaleman of Nantucket; takes care of hiring the crew (crusty one)
Bildad
41.8%
Preacher; delivers sermon on Jonah and the whale
Father Mapple
41.7%
First prophet; warns of Old Thunder
Elijah
41%
Innkeeper at the Spouter Inn; deathly name
Peter Coffin
40%
Sailor aboard the Jeroboam; prophet warns of the White Whale
Gabriel
25.6%
The Cook; old African-
American with bad knees
Fleece
16.9%
Dangerous sailor on the Pequod; returned from a 4-
year voyage
Bulkington
15.9%
One-
armed English whaling captain; master of the Samuel Enderby
Captain Boomer
14.8%
Quiz Playlist
Details
Report
Send in Message
Add To Playlist
Classic:
Type in answers that appear in a list
Quiz Source
Last Updated: Feb 16, 2017
Editor Pick in
Literature
Quiz Scoreboard
CHALLENGE
Sign Up to Join the Scoreboard
Show All
Scores
Hide
Comments
May contain spoilers
Recently Published
College Basketball Coaching Resumes
by pancakes188
Sports
9m
Billboard Blitz: Fleetwood Mac
by CooCooCachoo
Music
15s
Presidents Visiting Landmarks
by Hejman
History
7m
More to Explore
Quiz From the Vault
Featured Blog Post
Where Did the Easter Bunny Come From?
hide this ad
You Might Also Like...
Tags
Character
description
dick
Moby
Today's Top Quizzes in Literature
Browse Literature
hide this ad
Today's Top Quizzes in Character
Browse Character
Top Contributed Quizzes in Literature
1
Sneaky Slytherin Logic Puzzle
2
Get The Picture: Black or White Literature
3
5-to-1: Plays
4
A Court of Thorns and Roses (ACoTaR) Logic Puzzle
5
One Thing in Common: Literature
6
One Thing in Common: Literature II
7
One Thing in Common: Books
8
One Thing in Common: Literature 3
9
Harry Potter Neighbourly Logic Puzzle #5
10
Literary Siblings Odd One Out III
Explore More
Trending Topics
Harry Potter
Disney
NBA
Marvel
Anime
Crossword
Kpop
Puzzle
Pokémon
The Office
Song
NFL
Country
Soccer
WWE
hide this ad
More By:
enough
Quiz
Plays
Rating
Category
Featured
Created
Blitz: Name A...
467,787
4.61
Miscellaneous
Sep 24, 2010
The Office: What Character?
411,922
4.28
Television
Mar 1, 2010
Game System by Controller
359,952
4.34
Gaming
Apr 8, 2010
Animated Movie by Characters
355,634
4.57
Movies
Feb 11, 2010
Blitz: Name A... II
335,579
4.50
Miscellaneous
Oct 12, 2010
Go to Creator's Profile
Score Distribution
Quiz Creator Spotlight
enough
Follow
Send a Message
Quizzes Created
-
Created Quiz Play Count
-
More By This Creator
Popular Quizzes Today
1
Find the US States - No Outlines Minefield
2
Find the Countries of Europe - No Outlines Minefield
3
The Countries of the World
4
Find the US States
5
Risky Map Clicking: Biggest States A-Z
6
US States
7
Popular People in 1961
8
Movies - When Are They Set?
More Literature Quizzes
Lord of the Rings: What Is It?
Curator's Pick
Trending Quizzes
Risky Map Clicking: Least Populous States A-Z
1-10 Letter G Words
1-10 Letter F Words
Risky Map Clicking: Next State Alphabetically
Click the Washington State Counties! (Map)
Recently Updated
Leaping Animals
pecheneg
Reality TV Shows (A-Z)
bhenderson79
Rickey Henderson's Hall of Fame Teammates
pecheneg
Champions League XIs: Arsenal
pecheneg
Quick Pick: Celebrities in WWE's Hall of Fame
aduchscher
A-Z Keypad Blitz II
pecheneg
Multiple Oscar Actors
pecheneg
Mystery Phrase Blitz: Oscar 'Best Actors'
pecheneg
F. Scott Fitzgerald Novels
LTH
Pick 3 Villains
ddd62291
Trending Topics
Kpop
Crossword
Disney
Marvel
Anime
Harry Potter
NBA
Puzzle
Song
Pokémon
NFL
The Office
Soccer
Country
WWE
Your Account Isn't Verified!
In order to create a playlist on Sporcle, you need to verify the email address you used during registration. Go to your
Sporcle Settings
to finish the process.
Report this User
Report this user for behavior that violates our
Community Guidelines
.
Details:
Send Report
Go to the Sporcle.com Mobile Site →
Comments